000
00302nam a22001097a 4500
008
160420b xxu||||| |||| 00| 0 eng d
020
_a
9780323036900
041
_a
eng
080
_a
618.2
245
_a
Medical Surgical Nursing:
_c
Sharon L.Lewis; Margaret Mclean Heitkemper;Linda bucher;
942
_2
udc
_c
BK
999
_c
1451
_d
1451